Quiz o Krzepicach - Statystyki

Ogólne statystyki
  • Ten quiz został rozwiązany 7 razy
  • Średni wynik to 6 z 16
Statystyki odpowiedzi
Pytanie Odpowiedź % Poprawnych
W którym powiecie leży miasto? Kłobuckim
100%
W którym województwie leży miasto? Śląskim
100%
Jaki numer ma droga krajowa przebiegająca na północny wschód od miasta? 43
50%
Jak się nazywa największa rzeka płynąca przez miasto? Liswarta
50%
Jak nazywa się lokalny klub piłkarski? Liswarta Krzepice
50%
Do których zaborów trafiło miasto? Pruskiego
50%
Rosyjskiego
50%
Na terenie którego regionu historycznego leży miasto? Małopolski
25%
Kto jest burmistrzem miasta? Mateusz Kluba
25%
Na jakim regionie fizycznogeograficznym leży miasto? {Obniżeniu} Krzepickim
25%
Pod czyim wezwaniem jest lokalny kościół parafialny? św. Jakuba Apostoła
25%
W którym wieku nadano miejscowości prawa miejskie?> XIV
25%
W którym roku miejscowości zostały przywrócone prawa miejskie odebrane w 1870? 1919
0%
Co znajduje się na herbie miasta? Orzeł
0%
Ruiny jakiego budynku znajdują się na obrzeżach miasta? Synagogi
0%
Wieże
0%
Nie znaleziono quizów pasujących do podanych kryteriów
Rozkład punktacji
Procent ludzi z każdym wynikiem
Percentyl według liczby udzielonych odpowiedzi
Twoja historia wyników
Nie rozwiązałeś tego quizu